| 000 | 01476nam a2200373Ia 4500 | ||
|---|---|---|---|
| 001 | ebr10686953 | ||
| 003 | CaPaEBR | ||
| 006 | m u | ||
| 007 | cr cn||||||||| | ||
| 008 | 120822s2013 maua sb 001 0 eng d | ||
| 010 | _z 2012034239 | ||
| 020 | _z9780262313858 | ||
| 020 | _z9780262018920 (hardcover : alk. paper) | ||
| 020 | _z0262018926 (hardcover : alk. paper) | ||
| 040 |
_aCaPaEBR _cCaPaEBR |
||
| 035 | _a(OCoLC)837366407 | ||
| 050 | 1 | 4 |
_aB105.M65 _bP67 2013eb |
| 082 | 0 | 4 |
_a701/.8 _223 |
| 100 | 1 |
_aPortanova, Stamatia, _d1974- |
|
| 245 | 1 | 0 |
_aMoving without a body _h[electronic resource] : _bdigital philosophy and choreographic thought / _cStamatia Portanova. |
| 260 |
_aCambridge, Massachusetts : _bMIT Press, _cc2013. |
||
| 300 |
_ax, 179 p. : _bill. |
||
| 490 | 1 | _aTechnologies of lived abstraction | |
| 504 | _aIncludes bibliographical references and index. | ||
| 533 |
_aElectronic reproduction. _bPalo Alto, Calif. : _cebrary, _d2013. _nAvailable via World Wide Web. _nAccess may be limited to ebrary affiliated libraries. |
||
| 650 | 0 | _aMovement (Philosophy) | |
| 650 | 0 | _aHuman body (Philosophy) | |
| 650 | 0 |
_aChoreography _xPhilosophy. |
|
| 650 | 0 |
_aDigital art _xPhilosophy. |
|
| 655 | 7 |
_aElectronic books. _2local |
|
| 710 | 2 | _aebrary, Inc. | |
| 830 | 0 | _aTechnologies of lived abstraction. | |
| 856 | 4 | 0 |
_uhttp://site.ebrary.com/lib/rucke/Doc?id=10686953 _zAn electronic book accessible through the World Wide Web; click to view |
| 999 |
_c12550 _d12550 |
||